000 00765nam a22002417a 4500
999 _c64025
_d64025
005 20240530110711.0
008 180121s2016 ua a f b 000 0dara d
017 _a2015/17797
_bمصر. دار الكتب
020 _a9789770933596
040 _aEG-CaGPL
_cEG-CaGPL
082 0 4 _221
_a791.43028092\
_bز ف
100 0 _aزينب عبدالرازق
245 1 0 _aفاتن حمامة /
_cزينب عبدالرازق .
250 _aط.1
260 _aالقاهرة :
_bدار الشروق ،
_c2016 .
300 _a307 ص. :
_bصور ؛
_c24 سم.
600 0 7 _aفاتن حمامة
_vصور
600 0 7 _aفاتن حمامة
_vمذكرات
650 _2qrmak
651 _2qrmak
942 _2ddc
_cBK